| 000 | 04032cam a22006974i 4500 | ||
|---|---|---|---|
| 003 | PE-LiUPU | ||
| 005 | 20250731180143.0 | ||
| 008 | 150706s2010 pe r 000 0 spa d | ||
| 020 | _a9786124011467 | ||
| 035 | _a(Sirsi) i9786124011467 | ||
| 040 |
_aPE-LiUPU _bspa _cPE-LiUPU _erda |
||
| 049 | _aPRUA | ||
| 082 | 0 | 4 |
_a551.48 _bD69 _221 |
| 082 | 0 | 4 |
_a551.48 _bD69 2010 |
| 100 | 1 |
_aDíaz Salas, Abelardo M., _eautor. |
|
| 245 | 1 | 0 |
_aEstadística y probabilidad en la hidrología : _b(diseño hidrológico) / _cAbelardo M. Días Salas. |
| 264 | 1 |
_aLima : _bAsamblea Nacional de Rectores, _c2010. |
|
| 300 |
_a254 páginas : _bilustraciones ; _c24 centímetros |
||
| 336 |
_atext _2rdacontent |
||
| 337 |
_aunmediated _2rdamedia |
||
| 338 |
_avolume _2rdacarrier |
||
| 504 | _aIncluye bibliografía. | ||
| 505 | 0 | _aEstadística aplicada en la hidrología -- Probabilidad aplicada en el hidrología -- Variable Aleatoria y distribuciones. Esperanza matemática y momentos de las distribuciones -- Modelos probabilísticos aplicados en el hidrología -- Estimación de los parámetros de las distribuciones -- Selección del modelo probabilístico adecuado -- Período de retorno -- Diseño hidrológico. | |
| 526 | _aSEG44 | ||
| 526 | _aSEG26 | ||
| 526 | _aP159 | ||
| 526 | _aP155 | ||
| 526 | _aP154 | ||
| 526 | _aP153 | ||
| 526 | _aP150 | ||
| 526 | _aP100 | ||
| 526 | _aP31 | ||
| 526 | _aP30 | ||
| 526 | _aP26 | ||
| 526 | _aP25 | ||
| 526 | _aP24 | ||
| 526 | _aP22 | ||
| 526 | _aP15 | ||
| 526 | _aP10 | ||
| 541 | _g015-001533; | ||
| 650 | 0 | 4 |
_aHidrología _xEstadística. |
| 942 |
_2ddc _cBOOK |
||
| 949 |
_a551.48 D69 _wDEWEY _c1 _i62804 _lCCODEBUL1 _mBUL _p18.00 _r0 _sY _tBOOK _u2015-7-6 _xINGENIERIA _zUNKNOWN _0COMPRA _o.STAFF. Colección General |
||
| 949 |
_a551.48 D69 _wDEWEY _c1 _iFJ00427 _lCCODEBUJ1 _mBUJ _p10.00 _r0 _sY _tBOOK _u2016-6-15 _xINGENIERIA _PP25 _0COMPRA _o.STAFF. Colección General Juliaca |
||
| 949 |
_a551.48 D69 _wDEWEY _c2 _i62803 _lCCODEBUL1 _mBUL _p18.00 _r0 _sY _tBOOK _u2015-7-6 _xINGENIERIA _zUNKNOWN _0COMPRA _o.STAFF. Colección General |
||
| 949 |
_a551.48 D69 _wDEWEY _c3 _i67289 _lCCODEBUL1 _mBUL _p14.00 _r0 _sY _tBOOK _u2015-7-6 _xINGENIERIA _PP25 _0COMPRA _o.STAFF. Colección General |
||
| 949 |
_a551.48 D69 2010 _wDEWEY _c1 _iFJ06792 _lCCODEBUJ1 _mBUJ _p10.10 _r0 _sY _tBOOK _u2016-06-15 _xINGENIERIA _PP25 _0COMPRA _o.STAFF. Colección General Juliaca |
||
| 949 |
_a551.48 D69 2010 _wDEWEY _c2 _iFJ05745 _lCCODEBUJ1 _mBUJ _p10.10 _r0 _sY _tBOOK _u2016-06-15 _xINGENIERIA _PP25 _0COMPRA _o.STAFF. Colección General Juliaca |
||
| 994 |
_aC0 _bPEPRU |
||
| 596 | _a1 3 | ||
| 999 |
_a551.48 D69 _wDEWEY _c51839 _i62804 _f2021-11-9 _g7 _lCCODEBUL1 _mBUL _p18.00 _r0 _sN _tBOOK _u2015-7-6 _xINGENIERIA _zUNKNOWN _0COMPRA _o.STAFF. Colección General _d51839 |
||
| 999 |
_a551.48 D69 _wDEWEY _c2 _i62803 _f2021-11-9 _g7 _lCCODEBUL1 _mBUL _p18.00 _r0 _sN _tBOOK _u2015-7-6 _xINGENIERIA _zUNKNOWN _0COMPRA _o.STAFF. Colección General |
||
| 999 |
_a551.48 D69 _wDEWEY _c3 _i67289 _f2021-11-9 _g7 _lCCODEBUL1 _mBUL _p14.00 _r0 _sN _tBOOK _u2015-7-6 _xINGENIERIA _PP25 _0COMPRA _o.STAFF. Colección General |
||
| 999 |
_a551.48 D69 2010 _wDEWEY _c1 _iFJ06792 _d2017-5-10 _e2017-5-8 _f2022-1-19 _g4 _lCCODEBUJ1 _mBUJ _n1 _p10.10 _r0 _sY _tBOOK _u2017-2-15 _xINGENIERIA _PP25 _0COMPRA _o.STAFF. Colección General Juliaca |
||
| 999 |
_a551.48 D69 2010 _wDEWEY _c2 _iFJ05745 _d2017-11-27 _f2022-1-19 _g4 _lCCODEBUJ1 _mBUJ _p10.00 _q1 _r0 _sY _tBOOK _u2017-1-20 _xINGENIERIA _PP25 _0COMPRA _o.STAFF. Colección General Juliaca |
||
| 999 |
_a551.48 D69 2010 _wDEWEY _c1 _iFJ00427 _f2022-1-19 _g8 _lCCODEBUJ1 _mBUJ _p10.00 _r0 _sY _tBOOK _u2016-6-15 _xINGENIERIA _PP25 _0COMPRA _o.STAFF. Colección General Juliaca |
||
| 980 |
_81 _gALBERTO SANCHEZ Responsable de Automatización |
||